The learning cycle and elementary school science teaching /

Bibliographic Details
Main Author: Renner, John W. (John Wilson), 1924-1991
Other Authors: Marek, Edmund A.
Format: Book
Language:English
Published: Portsmouth, NH : Heinemann, [1988]
Subjects:

MARC

Tag First Indicator Second Indicator Subfields
LEADER 00000cam a2200000 a 4500
001 in00000014749
005 20151007052858.0
008 861125s1988 nhua b 00110 eng
010 |a  86031867  
020 |a 0435083007 
035 |a (OCoLC)14967602 
035 |9 AAA9547AM 
040 |a DLC  |c DLC  |d TXA  |d UtOrBLW 
043 |a n-us--- 
049 |a TXAM  |c [A11082818] 
050 0 0 |a LB1585.3  |b .R395 1986 
050 4 |a LB1585.3  |b .R395 1988 
082 0 |a 372.3/5044  |2 19 
100 1 |a Renner, John W.  |q (John Wilson),  |d 1924-1991. 
245 1 4 |a The learning cycle and elementary school science teaching /  |c John W. Renner, Edmund A. Marek ; special consultant, Don G. Stafford. 
264 1 |a Portsmouth, NH :  |b Heinemann,  |c [1988] 
264 4 |c ©1988 
300 |a viii, 226 pages :  |b illustrations ;  |c 24 cm. 
336 |a text  |b txt  |2 rdacontent 
337 |a unmediated  |b n  |2 rdamedia 
338 |a volume  |b nc  |2 rdacarrier 
504 |a Includes bibliographies and index. 
650 0 |a Science  |x Study and teaching (Elementary)  |z United States. 
650 0 |a Learning. 
650 0 |a Child development  |z United States. 
700 1 |a Marek, Edmund A. 
999 |a MARS 
999 f f |s fc249fac-3113-33eb-ba09-9dd3201c28f0  |i d20e6c9d-7fa2-377e-a0dd-343f5c5d9f32  |t 0 
952 f f |p normal  |a Texas A&M University  |b College Station  |c Sterling C. Evans Library  |d Evans: Library Stacks  |t 0  |e LB1585.3 .R395 1988  |h Library of Congress classification  |i unmediated -- volume  |m A14811082818 
998 f f |a LB1585.3 .R395 1988  |t 0  |l Evans: Library Stacks